00762nam a2200253 a 4500001001300000003000900013005001700022008004100039020002300080082001300103100002400116245003900140260004200179300000900221500003500230505003200265650001900297650002400316700002400340902000800364942000700372952011400379999001500493nice12345678IN_TiNIC20260116012252.0050524s1983 loua grp 000 0 eng  a0664222 c10000a270bLOE aLoetscher, Lefferts aBrief History of the Presbyterians aLouisvillebWestminister Press c1983 a224p aincludes index and biblioraphy2 aBibliography, Topical Index aChurch-History aPresbyterian Church1 aLoetscher, Lefferts bSRS cBK 001040708StackRoom-aHMIbHMId2007-07-17g100.00l0o270 LOEp012395r2007-07-17v100.00w2005-05-24yBK c6318d6318